• 首页
  • 本馆介绍
  • 公告通知
  • 最新文献
  • 馆藏检索
  • 电子资源
  • 读者导购
  • 参考咨询
  • 我的图书馆
  • 登录
  • 详细信息显示
  • 放入我的书架
  • 预约/预借图书
  • 作者相关作品
  • 分类相关作品
  • 丛书相关作品
  • 出版社相关作品

书目信息

  • 表格格式
  • 工作单格式
  • 卡片格式
题名:
克里姆特
    
 
作者: 刘丛星 编辑
分册:  
出版信息: 长春   吉林美术出版社  2001.03
页数: 33页
开本: 26cm
丛书名: 西洋美术家画廊
单 册:
中图分类: J203 , J205.521
科图分类:
主题词: 绘画理论
电子资源:
ISBN: 7-5386-1152-5
000 00663nam0 2200241 450
001 0771225555
005 20071226195126.56
010    @a7-5386-1152-5@dCNY15.00
100    @a20071226d2001 km y0chiy0120 ea
101 0  @achi
102    @aCN@b220000
200 1  @a克里姆特@Ake li mu te@f刘丛星等编辑@Fliu cong xing deng bian ji
210    @a长春@c吉林美术出版社@d2001.03
215    @a33页@d26cm
225 2  @a西洋美术家画廊
410  0 @12001 @a西洋美术家画廊
606 0  @a绘画理论
690    @aJ203@v3
690    @aJ205.521@v4
701  0 @a刘丛星@Aliu cong xing@4编辑
801  0 @aCN@bNISOFT@c20071226
905    @aBZT@dJ205.521@e1
906    @dCNY15.00@n0@r1
    
    克里姆特/刘丛星等编辑.-长春:吉林美术出版社,2001.03
    33页;26cm.-(西洋美术家画廊)
    
    
    ISBN 7-5386-1152-5:CNY15.00
    
●
相关链接 在五车中查询图书 在当当中查询图书 在豆瓣中查询图书


正题名:克里姆特     索取号:J205.521/1         预约/预借

序号 登录号 条形码 馆藏地/架位号 状态 备注
1 639085   2000639085   中心书库中库/ 中库016架A面7列7层3/ [索取号:J205.521/1] 在馆    
2 639086   2000639086   中心书库中库/ 中库016架A面7列7层107/ [索取号:J205.521/1] 在馆    
3 639087   2000639087   中心书库中库/ 中库016架A面7列7层106/ [索取号:J205.521/1] 在馆    
4 639088   2000639088   中心书库中库/ 中库016架A面7列7层104/ [索取号:J205.521/1] 在馆    
5 639089   2000639089   中心书库中库/ 中库016架A面7列7层102/ [索取号:J205.521/1] 在馆    
6 639090   2000639090   中心书库中库/ 中库016架A面7列7层22/ [索取号:J205.521/1] 在馆    
7 639091   2000639091   中心书库中库/ 中库016架A面7列7层9/ [索取号:J205.521/1] 在馆    
8 639092   2000639092   中心书库中库/ 中库016架A面7列7层7/ [索取号:J205.521/1] 在馆    
9 639093   2000639093   中心书库中库/ 中库016架A面7列7层5/ [索取号:J205.521/1] 在馆    
10 639094   2000639094   中心书库中库/ 中库016架A面7列7层10/ [索取号:J205.521/1] 在馆    
山东省滨州职业学院图书馆 欢迎您!
大连网信软件有限公司© 版权所有